| 000 | 00738cam a22002411 4500 | ||
|---|---|---|---|
| 001 | he 67002066 | ||
| 003 | DLC | ||
| 005 | 20260227111451.0 | ||
| 008 | 880511s1966 is 000 0 heb | ||
| 010 | _ahe 67002066 | ||
| 035 | _a(OCoLC)17940350 | ||
| 040 |
_aDLC _cTxU _dTxU _dDLC |
||
| 042 | _apremarc | ||
| 050 | 0 | 0 |
_aBM506.B17 _bL4 |
| 100 | 1 | _aLevin, Mordekhai David. | |
| 245 | 1 | 0 |
_aSefer Darkhe David; _bbeʼurim _cme-et Mordekhai David Levin. |
| 260 |
_aYerushalayim, _c727 [1966 or 7] |
||
| 300 |
_a2 v. in 1 _c32 cm. |
||
| 505 | 0 | _a[1] ʻAl Masekhet Bava kama.--[2] ʻAl Masekhet Bava metsiʻa. | |
| 630 | 0 | 0 |
_aTalmud. _pBava kamma _xCommentaries. |
| 630 | 0 | 0 |
_aTalmud. _pBava meẓia _xCommentaries. |
| 740 | 0 | _aDarkhe David. | |
| 999 |
_c32720 _d32720 |
||